000 00569nam a2200181Ia 4500
008 090123s9999 xx 000 0 und d
082 _b40383
100 _aपोरे सुरेश
245 _aदिलासा देई साई
250 _a1
260 _bश्री साई अमृत प्रकाशन
_c2006
300 _a160
600 _aपोरे सुरेश
630 _aदिलासा देई साई
700 _aपोरे सुरेश
730 _aदिलासा देई साई
942 _cBOOK
999 _c78454
_d78454